书目信息 |
| 题名: |
哲学社会科学名人名著辞典
|
|
| 作者: | 肖灼 主编 | |
| 分册: | ||
| 出版信息: | 石家庄 河北人民出版社 1988.11 |
|
| 页数: | 1111页 | |
| 开本: | 19cm | |
| 丛书名: | ||
| 单 册: | ||
| 中图分类: | C61 | |
| 科图分类: | ||
| 主题词: | 社会科学--名词术语 , 社会科学--词典 , 社会科学--百科全书 | |
| 电子资源: | ||
| ISBN: | 7-202-00229-9 | |
| 000 | 00701nam0 2200241 45 | |
| 001 | 0189024016 | |
| 005 | 20050613160651.4 | |
| 010 | @a7-202-00229-9@b精装@dCNY10.85 | |
| 020 | @aCN@b89024016 | |
| 100 | @a19910905d1988 m y0chiy0120 ea | |
| 101 | 0 | @achi |
| 102 | @aCN@b130000 | |
| 105 | @ay e 001yy | |
| 200 | 10 | @a哲学社会科学名人名著辞典@Azhe xue she hui ke xue ming ren ming zhu ci dian@f肖灼主编@FXiao Zhuo Zhu Bian |
| 210 | @a石家庄@c河北人民出版社@d1988.11 | |
| 215 | @a1111页@d19cm | |
| 606 | 0 | @a社会科学@x名词术语 |
| 606 | 0 | @a社会科学@x词典 |
| 606 | 0 | @a社会科学@x百科全书 |
| 690 | @aC61@v3 | |
| 701 | 0 | @a肖灼@4主编 |
| 801 | 0 | @aCN@bNLC@c19910905 |
| 905 | @dC61@e20@b217121@f1 | |
| 哲学社会科学名人名著辞典/肖灼主编.-石家庄:河北人民出版社,1988.11 |
| 1111页;19cm |
| ISBN 7-202-00229-9(精装):CNY10.85 |
| ● |
| 相关链接 |
|
|
|
|
正题名:哲学社会科学名人名著辞典
索取号:C61/20
 
预约/预借
| 序号 | 登录号 | 条形码 | 馆藏地/架位号 | 状态 | 备注 |
| 1 | 0217120 | 002017999 | 工具书阅览室/ [索取号:C61/20] | 在馆 | |
| 2 | 0217121 | 001573176 | 第一样本阅览室/ [索取号:C61/20] | 在馆 |